000 00502nam a2200229Ia 4500
003 IT-RoPAU
008 120407s9999 xx 000 0 und d
040 _aIT-RoPAU
040 _cIT-RoPAU
041 _aita
100 _aKarl Kertelge
245 _a“Giustificazione” in Paolo
250 _aBrescia
260 _aPaideia
260 _c1991
300 _a389 p.
300 _c24 cm
490 _aSupplementi al Grande Lessico del N. T.
490 _v5
942 _cBK
999 _c33903
_d33903